000 00897nam a22002417a 4500
001 606
005 20250821131148.0
020 _a9781617418754
040 _aFISKH
_beng
_cFISKH
_dFISKH
050 _aHE566.T8
082 _a623.8
100 _aReasoner, Charles
_d1949-
245 _aBoats! /
_cby Resoner, Charles.
260 _aGuangdong :
_bPower Printing,
_c2011.
300 _a8 unnumbered pages:
_bcolor illustrations.
_c14 cm
490 _aBig Busy Machines
505 _aD
520 _aThe Big Busy Machines: Boats! board book provides the perfect way to introduce reading in your home. Children will learn all about transportation as cute and colorful illustrations bring boats to life. This book engages early learners by using short, simple language.
521 _a240
_bLexile
521 _aD
_bRaz-Plus
650 _2Boats.
_vJuvenile literature.
942 _2ddc
_cBK
_n0
999 _c606
_d606